Comparación entre la guía de diseño de pavimento AASHTO 1993 y la guía de diseño de pavimento mecanístico – empírico AASHTO 2015 con estudio de caso en Nicaragua, proyecto el crucero – Diriamba, tramo Las Esquinas - Diriamba 3.7 km
En el presente estudio se pretende realizar una comparación de resultados entre la guía de diseño AASHTO 1993 y la guía de diseño MEPDG 2015, realizando estudios de tránsito, suelos y clima en el tramo de carretera NIC-2, estación ECD 203, Las Esquinas – Diriamba.
| Main Authors: | , , |
|---|---|
| Other Authors: | |
| Format: | Tesis Section = Libro |
| Language: | Undetermined Spanish |
| Published: |
Managua
UNI
2020
|
| Subjects: |
| LEADER | 01345nam a2200289Ia 4500 | ||
|---|---|---|---|
| 008 | 240830s9999 xx 000 0 und d | ||
| 040 | |a BIBLIOTECA-RUPAP Mon 625.85 G984 | ||
| 041 | |a spa | ||
| 082 | |a Mon 625.85 G984 | ||
| 100 | 1 | |a Gutiérrez Centeno, Cristhian Javier | |
| 100 | 1 | |b Jarquín Ortiz, Jeffrey Antonio | |
| 100 | 1 | |c Morales Escoto, María del Carmen | |
| 245 | 1 | 0 | |a Comparación entre la guía de diseño de pavimento AASHTO 1993 y la guía de diseño de pavimento mecanístico – empírico AASHTO 2015 con estudio de caso en Nicaragua, proyecto el crucero – Diriamba, tramo Las Esquinas - Diriamba 3.7 km |
| 260 | |a Managua |b UNI |c 2020 | ||
| 300 | |a 179 p. :il. | ||
| 500 | |a Contiene: anexos y CD. | ||
| 502 | |a Tesis (Ingeniero Civil)- UNI, 2020. | ||
| 520 | 3 | |a En el presente estudio se pretende realizar una comparación de resultados entre la guía de diseño AASHTO 1993 y la guía de diseño MEPDG 2015, realizando estudios de tránsito, suelos y clima en el tramo de carretera NIC-2, estación ECD 203, Las Esquinas – Diriamba. | |
| 650 | 7 | |a PAVIMENTOS | |
| 650 | 7 | |b PAVIMENTOS-DISEÑO | |
| 650 | 7 | |c PAVIMENTOS DE ASFALTO | |
| 650 | 7 | |d ESTUDIO DE TRANSITO | |
| 650 | 7 | |e ESTUDIOS DE SUELOS | |
| 700 | 1 | |a Tutor: |b Zamora Lacayo, Aldo José, | |
| 942 | |c BK |2 ddc | ||
| 991 | |a TESIS | ||
| 999 | |c 16098 | ||